01134nam a2200193Ia 4500001001000000003001000010008004100020040002500061041001300086100001900099245006500118250001100183260006700194300001200261500026200273501011400535520026200649650002900911L232-6591IT-CnALBA170116s9999||||xx |||||||||||||| ||und|| aIT-CnALBAcIT-CnALBA aITALIANO aDUQUESNE ABATE 0aIL VANGELO MEDITATO PER TUTTI I GIORNI DELL'ANNO. VOL. III.  a1a ed. aPADOVA - VCbGREGORIANA LIBRERIA EDITRICEc1931 [1° Ed.:1931] a574 p.  aMEDITAZIONI SUL VANGELO. 90 MEDITAZIONI. TRADUZIONE DAL FRANCESE DI MORELLO IGINO. IL CIECO NATO. IL BUON PASTORE. IL BUON SAMARITANO. IL FIGLIUOLO PRODIGO. I LEBBROSI. GESÙ E I FANCIULLI. TRIONFO A GERUSALEMME. SCRIBI E FARISEI. DISCORSO ESCATOLOGICO. ET aSocietà San Paolo EM - Piazza San Paolo, 14 - 12051 ALBA (CN) (non commercial uses only) ® Copyright 2017 aMEDITAZIONI SUL VANGELO. 90 MEDITAZIONI. TRADUZIONE DAL FRANCESE DI MORELLO IGINO. IL CIECO NATO. IL BUON PASTORE. IL BUON SAMARITANO. IL FIGLIUOLO PRODIGO. I LEBBROSI. GESÙ E I FANCIULLI. TRIONFO A GERUSALEMME. SCRIBI E FARISEI. DISCORSO ESCATOLOGICO. ET aVITA E MISTERO DI CRISTO